000 01052cam a22003137a 4500
003 CHAP
005 20220329133555.0
008 971013s1993 r 00010 d
010 _a8071
011 _a9043
035 _a8277
040 _cCHAP
090 _aTesis
100 0 0 _aSolís Sánchez, Juan Bernardo.
_9108468
245 1 3 _aLa producción de semillas forrajeras en México
_b: importancia económica y pespectivas
260 _aChapingo, Méx :
_bEl autor,
_c1993
300 _a81 h.
502 _aTesis (Ing. Agr. Esp. en Economía Agrícola) -- UACH. Departamento de Economía Agrícola
590 _aALEPH
_b10
_c20130110
_lUCH01
_h1221
590 _aBATCH-UPD
_b10
_c20130110
_lUCH01
_h0031
590 _aBATCH-UPD
_b10
_c20130110
_lUCH01
_h1806
590 _aBATCH-UPD
_b10
_c20130409
_lUCH01
_h2013
590 _aBATCH-UPD
_b10
_c20130914
_lUCH01
_h2019
590 _aCONVERSION
_b10
_c20130109
_lUCH01
_h1305
650 1 4 _aSemillas forrajeras.
_9103942
901 _aBK
942 _cTESIS
949 _bBC
_cTES
_d-18449
_eTS1
_h26030
_i8277
_si
999 _c8071
_d8071